000 00596nam a2200217Ia 4500
005 20241129105746.0
008 241129s9999||||xx |||||||||||||| ||und||
020 _a978-0-7453-9981-2
037 _aTB
040 _aARTS
_beng
_cARTS
041 _aeng
_2eng
084 _aW.41 Q8
_qARTS
100 _aGao Mobo Au.
_9724622
245 0 _aConstructing China: clashing views of the people's republic
_cGao Mobo Au.
260 _aUK
_bPluto Press
_c2020
300 _a272p.
365 _aUKP
_b25.99
650 _aPolitical Science
942 _cTB
_hW.41 Q8
999 _c1225806
_d1225806